<?xml version="1.0" encoding="UTF-8"?>
<record
    xmlns:xsi="http://www.w3.org/2001/XMLSchema-instance"
    xsi:schemaLocation="http://www.loc.gov/MARC21/slim http://www.loc.gov/standards/marcxml/schema/MARC21slim.xsd"
    xmlns="http://www.loc.gov/MARC21/slim">

  <leader>00805nam a2200181Ia 4500</leader>
  <datafield tag="952" ind1=" " ind2=" ">
    <subfield code="0">0</subfield>
    <subfield code="1">0</subfield>
    <subfield code="4">0</subfield>
    <subfield code="7">0</subfield>
    <subfield code="a">11</subfield>
    <subfield code="b">11</subfield>
    <subfield code="d">2018-07-30</subfield>
    <subfield code="l">0</subfield>
    <subfield code="o">LB2396  T87</subfield>
    <subfield code="p">11 001547</subfield>
    <subfield code="r">2018-07-30</subfield>
    <subfield code="t">1</subfield>
    <subfield code="w">2018-07-30</subfield>
    <subfield code="y">LB</subfield>
  </datafield>
  <datafield tag="999" ind1=" " ind2=" ">
    <subfield code="c">69044</subfield>
    <subfield code="d">69044</subfield>
  </datafield>
  <controlfield tag="008">120626s2009    mx            000 0 spa d</controlfield>
  <datafield tag="020" ind1=" " ind2=" ">
    <subfield code="a">97860707440</subfield>
  </datafield>
  <datafield tag="050" ind1=" " ind2=" ">
    <subfield code="a">LB2396 </subfield>
    <subfield code="b">T87</subfield>
  </datafield>
  <datafield tag="245" ind1=" " ind2=" ">
    <subfield code="a">Tutor&#xED;a y mediaci&#xF3;n 1</subfield>
    <subfield code="c">/ coordinadora Patricia Ducoing</subfield>
  </datafield>
  <datafield tag="260" ind1=" " ind2=" ">
    <subfield code="a">M&#xE9;xico, D.F. </subfield>
    <subfield code="b">: UNAM, Instituto de Investigaciones sobre la Universidad y la Educaci&#xF3;n </subfield>
    <subfield code="b">: Asociaci&#xF3;n Franc&#xF3;fona Internacional de Investigaci&#xF3;n en Ciencias de la Educaci&#xF3;n, Secci&#xF3;n Mexicana</subfield>
    <subfield code="c">, 2009</subfield>
  </datafield>
  <datafield tag="300" ind1=" " ind2=" ">
    <subfield code="a">256 p&#xE1;ginas</subfield>
  </datafield>
  <datafield tag="490" ind1=" " ind2=" ">
    <subfield code="a">iisue educaci&#xF3;n</subfield>
  </datafield>
  <datafield tag="500" ind1=" " ind2=" ">
    <subfield code="a">Incluye: Presentaci&#xF3;n de Patricia Ducoing (pp. 9-24)</subfield>
  </datafield>
  <datafield tag="505" ind1=" " ind2=" ">
    <subfield code="a">Algunos elementos conceptuales en torno a la tutor&#xED;a  
la tutor&#xED;a en el posgrado  
Los tutores y su formaci&#xF3;n</subfield>
  </datafield>
  <datafield tag="519" ind1=" " ind2=" ">
    <subfield code="a"> </subfield>
    <subfield code="d"> </subfield>
  </datafield>
  <datafield tag="650" ind1=" " ind2="0">
    <subfield code="a">TUTORES Y TUTOR&#xCD;A</subfield>
    <subfield code="z">M&#xC9;XICO</subfield>
  </datafield>
  <datafield tag="942" ind1=" " ind2=" ">
    <subfield code="c">LB</subfield>
  </datafield>
</record>
